The Only Person to Do It In the MLB - Statistics

General Stats
  • This quiz has been taken 53 times
    45 since last reset
  • The average score is 8 of 20
Answer Stats
Hint MLB Player % Correct
Over 4000 hits Pete Rose
85%
Hit a bird with a pitch Randy Johnson
85%
Have a home run and an interception Deion Sanders
79%
Win a triple crown since 1970 Miguel Cabrera
74%
Have a home run go off of his head Jose Canseco
67%
Died in a boat crash Jose Fernandez
67%
Two grand slams in one inning Fernando Tatis
54%
Play for 14 teams Edwin Jackson
46%
Steal home plate over 50 times Ty Cobb
44%
To get killed by a pitch Ray Chapman
31%
Under five feet Eddie Gaedel
23%
Play in MLB and NBA Danny Ainge
21%
Have no-hitters on back to back starts Johnny Vander Meer
21%
To kill a batter with a pitch Carl Mays
15%
Player with one eye Drew Robinson
15%
With hits for two teams on the same day Joel Youngblood
13%
Start two combined no-hitters in one season Christian Javier
5%
Won an Olympic Figure Skating Medal Eddie Alvarez
5%
Hit eight home runs in one game Jay Clarke
5%
Play all nine positions in one game outside of the 1960's Scott Sheldon
3%
No matching quizzes found
Score Distribution
Percent of People with Each Score
Percentile by Number Answered
Your Score History
You have not taken this quiz since the last reset